Načítá se...
Rekhayillatha Oral
| Hlavní autor: | |
|---|---|
| Médium: | Printed Book |
| Jazyk: | Malayalam |
| Vydáno: |
Thiruvananthapuram
Maluban
2002
|
| LEADER | 00434nam a2200109Ia 4500 | ||
|---|---|---|---|
| 008 | 111205s9999 xx 000 0 mal d | ||
| 100 | |a Vanugopalan Nir ,SV | ||
| 245 | |a Rekhayillatha Oral |c Vanugopalan Nir ,SV | ||
| 260 | |b Maluban |a Thiruvananthapuram |c 2002 | ||
| 942 | |c BK | ||
| 999 | |c 228214 |d 228214 | ||
| 952 | |0 0 |1 0 |2 ddc |4 0 |6 855_000000000000000_4V2_REK |7 0 |9 251999 |a MAL |b MAL |c ST1 |d 1972-10-25 |g 0.00 |l 0 |o 855.4V2 REK |p MAL29187 |r 2011-12-05 |v 35.00 |w 2011-12-05 |y BK | ||